000 00574nam a22001817a 4500
003 0
005 20250827120305.0
008 250827b xxu||||| |||| 00| 0 eng d
020 _a978-1-4822-3161-8
050 _aQA 76.9.A25B356
_b.B35 2015
100 _aBaloch, Rafay,
_eauthor.
245 _aEthical hacking and penetration testing guide /
_cRafay Baloch.
260 _aBoca Raton, FL :
_bCRC Press,
_c2015.
300 _axxvii, 503 pages :
_billustrations ;
_c26 cm.
504 _aIncludes index.
650 _aPenetration testing (Computer security).
942 _2lcc
_cBK
999 _c367640
_d367640